People's names : a cross-cultural reference guide to the proper use of over 40.000 personal and familial names in over 100 cultures

Αποθηκεύτηκε σε:
Λεπτομέρειες βιβλιογραφικής εγγραφής
Κύριος συγγραφέας: Ingraham, Holly 1953-
Μορφή: Βιβλίο
Γλώσσα:English
Δημοσίευση: Jefferson, North Carolina : McFarland & Company, c1997
Θέματα:
Ετικέτες: Προσθήκη ετικέτας
Δεν υπάρχουν, Καταχωρήστε ετικέτα πρώτοι!

MARC

LEADER 00000nam a2200000 i 4500
001 1/89010
008 990826s1997 eng d
020 |a 0-7864-0187-7 
035 |l 10052675 
040 |a GR-MY-UA  |b gre  |e aacr 
041 0 |a eng 
082 0 |a 929.97 
100 1 |a Ingraham, Holly  |d 1953- 
245 1 0 |a People's names :  |b a cross-cultural reference guide to the proper use of over 40.000 personal and familial names in over 100 cultures /  |c Holly Ingraham 
260 |a Jefferson, North Carolina :   |b McFarland & Company,   |c c1997 
300 |a 613 p. 
650 0 0 |a Names, Personal. 
852 |a INST  |b LESVOS  |e 19990826  |h 929.97 ING  |p 005100019715  |q 005100019715  |t REF  |y 23 
901 |a BIBL1-1999-2 
909 |a Λ  |b 065732 
922 |a 1ΕΛΗ  |b 199905  |c ΚΠΣ/ΚΥΒ  |d LEADER 
950 |a 023-1998-09-14 
970 |a ΤΖΑΦΕΡΗ  |b ΕΥΑΓΓΕΛΙΑ  |z 1999/08/26